Quaid-e-Azam Correspondence (Record no. 267708)

000 -LEADER
fixed length control field 00230 a2200097 4500
001 - CONTROL NUMBER
control field 32635
090 ## - LOCALLY ASSIGNED LC-TYPE CALL NUMBER (OCLC); LOCAL CALL NUMBER (RLIN)
-- 21848
-- 21848
100 ## - MAIN ENTRY--PERSONAL NAME
Personal name Pirzada, Sh
245 ## - TITLE STATEMENT
Title Quaid-e-Azam Correspondence
260 ## - PUBLICATION, DISTRIBUTION, ETC.
Place of publication, distribution, etc. Karachi
Name of publisher, distributor, etc. Guild Publishing House
Date of publication, distribution, etc.
942 ## - ADDED ENTRY ELEMENTS (KOHA)
Institution code [OBSOLETE] NUST-CAE
Koha item type
--
Holdings
Withdrawn status Lost status Damaged status Not for loan Collection code Permanent Location Current Location Date acquired Total Checkouts Barcode Date last seen Price effective from Koha item type
          College of Aeronautical Engineering (CAE) College of Aeronautical Engineering (CAE) 04/03/2017   CAE45830 04/05/2017 04/05/2017 Book
© 2023 Central Library, National University of Sciences and Technology. All Rights Reserved.